000 01252nam a2200313 i 4500
999 _c22661
_d22661
001 C00609977
003 OSt
005 20230103101615.0
007 ta
008 220803s2021 pe gr 000 0 spa
040 _apelibn
_bspa
_erda
_cpelibn
041 _aspa
082 _a378.199/H83
100 1 _aHuamán, Miguel Ángel,
_d1954-,
_eautor.
_948806
245 1 4 _aHacia la universidad de la investigación :
_buna perspectiva interdisciplinaria en las humanidades /
_cMiguel Ángel Huamán Villavicencio.
250 _aPrimera edición.
264 3 1 _aLima :
_bDedo Crítico Editores ;
_bUniversidad Nacional Mayor de San Marcos,
_c2017.
300 _a102 páginas ;
_bdiagrs. ;
_c18 cm.
650 _aEducación superior
_948813
650 _aAproximación interdisciplinaria en educación
_948814
650 _aHumanidades
_9641
700 _aValenzuela, Jorge
_epresentador
_948815
710 _aUniversidad Nacional Mayor de San Marcos (Lima)
_948816
942 _2ddc
_cLIBROS